| 000 | 00630nam a2200289Ia 4500 | ||
|---|---|---|---|
| 008 | 160716s9999||||xx |||||||||||||| ||und|| | ||
| 040 | _cMarathi | ||
| 082 | _aXV.E/Arvikar | ||
| 082 | _bBORI-64695 | ||
| 100 | _aArvikar | ||
| 245 | _aAmrut-Tushar | ||
| 260 | _aBombay | ||
| 260 | _bSangati Prakashan Samiti | ||
| 300 | _a262 | ||
| 300 | _b1 | ||
| 300 | _cA | ||
| 300 | _ePaperback | ||
| 530 | _u00064695.pdf | ||
| 563 | _aReference | ||
| 600 | _aArvikar | ||
| 630 | _aAmrut-Tushar | ||
| 650 | _aCollected work | ||
| 650 | _aReference | ||
| 700 | _aArvikar | ||
| 730 | _aAmrut-Tushar | ||
| 942 | _cBOOK | ||
| 999 |
_c1397633 _d1397630 |
||